000 00479nam a2200193Ia 4500
003 GCL
008 140319s9999 xx 000 0 eng d
040 _aGCL /
_cGCL
082 0 4 _aCC
_b291.3732
_bA A
100 1 _aANDREWS, CAROL
245 1 0 _aAMULETS OF ANIENT EGYPT /
_cANDREWS, CAROL
260 _a[S.N] :
_bBRITISH MUSEUM PRESS ،
_c1994
300 _a112 P
650 0 4 _aEGYPT
650 0 4 _aANCIENT EGYPT
650 0 4 _aHISTORY
650 0 4 _aAMULETS
942 _2ddc
_cBK
999 _c25035
_d25035